00318nam a2200121Ia 4500008004100000100002900041245004200070260003900112300000900151650001400160942000700174999001500181190216s9999||||xx |||||||||||||| ||und|| aEmeleus H J & Sharpe 0aModern Aspects Of Inorganic Chemistry bUniversal Bookstall Newdelhic1996 a677p aChemistry cBK c2879d2879